LEADER 01136cam0-22003491i-450 001 990006330060403321 005 20260402154706.0 010 $a88-14-06110-6 035 $a000633006 035 $aFED01000633006 035 $a(Aleph)000633006FED01 035 $a000633006 100 $a20000112d1996----km-y0itay50------ba 101 0 $aita 102 $aIT 105 $ay-------001yy 200 1 $a<>nuova normativa di sicurezza sul lavoro$ecommento al D. Lgs. 19 settembre 1994, n. 626 integrato e modificato dal D. Lgs. 19 marzo 1996, n. 242$fFernanda Cervetti-Spriano 210 $aMilano$cGiuffrè$d1996 215 $aXVII, 384 p.$d24 cm 610 0 $aInfortuni sul lavoro$aPrevenzione$aLegislazione 610 0 $aIgiene del lavoro$aLegislazione 676 $a344.45046502638$v20$zita 700 1$aCervetti Spriano,$bFernanda$0344079 801 0$aIT$bUNINA$gRICA$2UNIMARC 901 $aBK 912 $a990006330060403321 952 $aL-II-76$b7941 dip.$fDDRC 952 $aVII G 92$b32548*$fFGBC 959 $aDDRC 959 $aFGBC 996 $aNuova normativa di sicurezza sul lavoro$9656608 997 $aUNINA